Vnukovo International Airport Destinations (Moscow, Russia) - Statistics

General Stats
  • This quiz has been taken 47 times
    14 since last reset
  • The average score is 54 of 97
Answer Stats
Airline Destination % Correct
Azur Air/Pegasus Airlines/Pobeda/Turkish Airlines Antalya
100%
Azerbaijan Airlines/Utair Baku
100%
Azimuth/Pobeda/Turkish Airlines Istanbul
100%
AJet/Pegasus Airlines/Pobeda Istanbul (Sabiha Gökçen)
100%
Azimuth/Qanot Sharq/Pobeda/Utair/Uzbekistan Airways Tashkent
100%
Azimuth/Georgian Airways Tbilisi
100%
SCAT Airlines Almaty
92%
AJet/Pegasus Airlines Ankara
92%
SCAT Airlines Astana
92%
Aero Nomad Airlines Bishkek
92%
Turkish Airlines Bodrum
92%
Utair Dubai (Al Maktoum)
92%
flydubai/Pobeda Dubai (International)
92%
Somon Air/Utair Dushanbe
92%
Pegasus Airlines İzmir
92%
Belavia Minsk
92%
ALROSA/Pobeda/UVT Aero Novosibirsk
92%
ALROSA/Azimuth/Pobeda/Rossiya Airlines/Utair Saint Petersburg
92%
Azimuth/FlyOne Armenia/Shirak Avia/Utair Yerevan
92%
Iraqi Airways Baghdad
85%
Azimuth Batumi
85%
UVT Aero Kazan
85%
Utair Krasnoyarsk (International)
85%
I-Fly/Pobeda/Utair/Yakutia Airlines Sochi
85%
Pobeda Abu Dhabi
77%
Turkish Airlines Dalaman
77%
Azur Air/Nesma Airlines/Red Sea Airlines Hurghada
77%
Pobeda Omsk
77%
Pobeda Perm
77%
Azur Air Sharm El Sheikh
77%
Gazpromavia/Pobeda/Utair Ufa
77%
Azimuth/Utair/Uzbekistan Airways Bukhara
69%
Conviasa Caracas
69%
Azur Air Malé
69%
Pobeda/Utair Samara
69%
Yakutia Airlines Yakutsk
69%
Pobeda Yekaterinburg
69%
Pobeda Chelyabinsk
62%
Azimuth/Utair/Uzbekistan Airways Fergana
62%
Belavia Gomel
62%
Utair Grozny
62%
Azimuth Kutaisi
62%
Aero Nomad Airlines/Pobeda Osh
62%
Azur Air Phuket
62%
Pobeda/Utair/Uzbekistan Airways Samarqand
62%
Gazpromavia/PobedaUtair/Yamal Airlines Tyumen
62%
Azur Air Colombo (Bandaranaike)
54%
Azur Air Goa (Dabolim)
54%
Conviasa Havana
54%
Pobeda Kaliningrad
54%
Pobeda/Utair Makhachkala
54%
Pobeda/Utair/Yakutia Airlines Mineralnye Vody
54%
Pobeda Saratov
54%
Utair Syktyvkar
54%
Azerbaijan Airlines/Utair Ganja
46%
Pobeda Gazipaşa
46%
Pobeda Gyumri
46%
Gazpromavia Novy Urengoy
46%
Conviasa Porlamar
46%
Azimuth/Uzbekistan Airways Urgench
46%
Conviasa Guangzhou
38%
Nouvelair Monastir
38%
Azimuth/Uzbekistan Airways Namangan
38%
Azimuth Pskov
38%
Utair Surgut
38%
Azimuth/Uzbekistan Airways Termez
38%
Utair Vladikavkaz
38%
RusLine Yaroslavl
38%
UVT Aero Bugulma
31%
Utair Lankaran
31%
ALROSA Mirny
31%
Utair Nakhchivan
31%
Utair Naryan-Mar
31%
Utair Noyabrsk
31%
Uzbekistan Airways Nukus
31%
Azur Air Pattaya
31%
Azimuth/Uzbekistan Airways Qarshi
31%
SCAT Airlines Şymkent
31%
UVT Aero Tobolsk
31%
Gazpromavia/Utair Ukhta
31%
Gazpromavia Bovanenkovo
23%
Utair Khanty-Mansiysk
23%
Utair Kogalym
23%
Gazpromavia Nadym
23%
Pobeda Nalchik
23%
Uzbekistan Airways Navoiy
23%
UVT Aero Sukhumi
23%
RusLine Tambov
23%
Pobeda Ulyanovsk (Baratayevka)
23%
Utair Usinsk
23%
Gazpromavia Yamburg
23%
RusLine Yoshkar-Ola
23%
Yakutia Airlines Neryungri
15%
Utair Beloyarsky
8%
Yakutia Airlines Pevek
8%
Yakutia Airlines Sabetta
8%
Vologda Aviation Enterprise Volograd
8%
No matching quizzes found
Score Distribution
Percent of People with Each Score
Percentile by Number Answered
Your Score History
You have not taken this quiz since the last reset